Volcans - Culture générale - Statistiques

Statistiques générales
  • Ce quiz a été pris 108 fois
  • Le résultat moyen est 7 sur 11
Statistiques - réponses
Questions Réponses % Correct
Substance rouge/orange coulant lors des éruptions de la première question Lave
91%
Célèbre volcan qui détruisit plusieurs villes dont la plus connue est Pompéi, en 79 Vésuve
85%
Science qui étudie les volcans Volcanologie
83%
Sans éruption durant les 11 000 dernières années, on dit généralement d'un volcan qu'il est ? Éteint
74%
Citez les deux grands types d'éruptions Explosives
71%
Pays comportant le plus de volcans (indifféremment de leur activité) Indonésie
65%
Citez les deux grands types d'éruptions Effusives
64%
Nuage extrêmement rapide et brûlant pouvant atteindre des vitesses comprises entre 200 et 600km/h Nuée ardente
58%
Volcan indonésien qui provoqua l'éruption la plus bruyante (audible jusqu'à 4800km à la ronde) en 1883 Krakatoa
54%
Volcan extra-terrestre considéré comme le plus haut sommet du système solaire Olympus Mons
46%
Nom donné à une zone de forte concentration de volcans aux abords de l'océan du même nom Ceinture de feu du Pacifique
35%
Aucun quiz correspondant
Distribution des résultats
% des personnes avec chaque résultat
Percentile par nombre de réponses
Votre historique - résultats
Vous n’avez pas pris ce quiz